[Event "CZE-chT2D 1920"]
[Site "Czech Republic"]
[Date "2020.06.28"]
[Round "11.5"]
[White "Kourek, Josef"]
[Black "Suchomelova, Simona"]
[Result "1/2-1/2"]
[WhiteElo "2047"]
[BlackElo "1960"]
[PlyCount "98"]
[EventDate "2019.10.13"]
[EventType "team-tourn"]
[EventRounds "11"]
[EventCountry "CZE"]
[SourceTitle "EXT 2024"]
[Source "ChessBase"]
[SourceDate "2023.10.10"]
[SourceVersion "1"]
[SourceVersionDate "2023.10.10"]
[SourceQuality "1"]
[WhiteTeam "Polabiny III"]
[BlackTeam "Chotebor"]
[WhiteTeamCountry "CZE"]
[BlackTeamCountry "CZE"]

1. d4 Nf6 2. Bg5 g6 3. Bxf6 exf6 4. e3 Bg7 5. Bd3 f5 6. Ne2 b6 7. Nd2 Bb7 8. Nf4 d6 9. h4 Nd7 10. h5 g5 11. h6 gxf4 12. hxg7 Rg8 13. Rxh7 Qf6 14. Qh5 0-0-0 15. 0-0-0 Rxg7 16. Rxg7 Qxg7 17. Qxf5 fxe3 18. fxe3 f6 19. Be4 Bxe4 20. Qxe4 Kb8 21. Rh1 Rg8 22. Rh7 Qxg2 23. Qxg2 Rxg2 24. b3 Kc8 25. Nc4 d5 26. Na3 c6 27. Kd1 Rg1+ 28. Kd2 Ra1 29. Kd3 b5 30. c3 Rxa2 31. Nb1 a5 32. Nd2 Ra1 33. e4 Rg1 34. Rh8+ Kb7 35. Rh7 Rg3+ 36. Kc2 Kc8 37. Rh8+ Kb7 38. Rh7 Kc7 39. Rh8 Re3 40. exd5 cxd5 41. Ra8 Kb6 42. Rd8 Re7 43. Kd3 Kb7 44. c4 bxc4+ 45. bxc4 dxc4+ 46. Nxc4 a4 47. Kc3 Nb6 48. Nxb6 Kxb6 49. Rd6+ Kb5 1/2-1/2

[Event "CZE/SVK-chT (Women)"]
[Site "Ruzomberok"]
[Date "2018.09.11"]
[Round "2"]
[White "Suchomelova, Simona"]
[Black "Motycakova, Monika"]
[Result "0-1"]
[WhiteElo "1965"]
[BlackElo "2198"]
[PlyCount "66"]
[EventDate "2018.09.10"]
[EventType "team-tourn"]
[EventRounds "5"]
[EventCountry "SVK"]
[SourceTitle "CBM 186 Extra"]
[Source "ChessBase"]
[SourceDate "2018.08.24"]
[SourceVersion "1"]
[SourceVersionDate "2018.08.24"]
[SourceQuality "1"]
[WhiteTeam "Svetla nad Sazavou (W)"]
[BlackTeam "Liptov Chess School (W)"]
[WhiteTeamCountry "CZE"]
[BlackTeamCountry "SVK"]

1. e4 c6 2. d4 d5 3. e5 c5 4. c4 cxd4 5. Qxd4 Nc6 6. Qxd5 Qxd5 7. cxd5 Nxe5 8. Bf4 Ng6 9. Be3 Nf6 10. Nc3 Bf5 11. Bb5+ Bd7 12. Rd1 Nh4 13. g3 Nf5 14. Nf3 a6 15. Bxd7+ Nxd7 16. Ke2 g6 17. Ne4 Bg7 18. b3 0-0 19. Rd2 Rac8 20. Rhd1 Nf6 21. Nxf6+ Bxf6 22. Bb6 Nd6 23. Rd3 Rc2+ 24. R1d2 Rfc8 25. Rxc2 Rxc2+ 26. Rd2 Rc1 27. Nd4 Ne4 28. Rb2 Kf8 29. Kd3 Nd6 30. Rc2 Rd1+ 31. Rd2 Rxd2+ 32. Kxd2 Nc8 33. Bc5 b6 0-1

[Event "Wch U18 Girls"]
[Site "Khanty-Mansiysk"]
[Date "2016.10.03"]
[Round "11"]
[White "Hu, Yu A"]
[Black "Suchomelova, Simona"]
[Result "1/2-1/2"]
[WhiteElo "2049"]
[BlackElo "1958"]
[PlyCount "33"]
[EventDate "2016.09.22"]
[EventType "swiss"]
[EventRounds "11"]
[EventCountry "RUS"]
[SourceTitle "EXT 2017"]
[Source "ChessBase"]
[SourceDate "2016.10.25"]
[SourceVersion "1"]
[SourceVersionDate "2016.10.25"]
[SourceQuality "1"]

1. e4 e6 2. d4 d5 3. Nc3 Nf6 4. e5 Nfd7 5. f4 c5 6. Nf3 Nc6 7. Be3 a6 8. Qd2 b5 9. dxc5 Bxc5 10. Bd3 Qb6 11. Bf2 Bxf2+ 12. Qxf2 Qxf2+ 13. Kxf2 Nc5 14. a3 b4 15. axb4 Nxb4 16. Nb5 0-0 17. Ne1 1/2-1/2

[Event "Wch U18 Girls"]
[Site "Khanty-Mansiysk"]
[Date "2016.09.22"]
[Round "1"]
[White "Suchomelova, Simona"]
[Black "Heinemann, Josefine"]
[Result "0-1"]
[WhiteElo "1958"]
[BlackElo "2242"]
[PlyCount "130"]
[EventDate "2016.09.22"]
[EventType "swiss"]
[EventRounds "11"]
[EventCountry "RUS"]
[SourceTitle "EXT 2017"]
[Source "ChessBase"]
[SourceDate "2016.10.25"]
[SourceVersion "1"]
[SourceVersionDate "2016.10.25"]
[SourceQuality "1"]

1. e4 c5 2. Nf3 d6 3. d4 cxd4 4. Nxd4 Nf6 5. Nc3 a6 6. Be2 e6 7. 0-0 Nbd7 8. f4 b5 9. Bf3 Bb7 10. Re1 Rc8 11. Nd5 g6 12. Nxf6+ Nxf6 13. c3 e5 14. Nc2 Be7 15. Nb4 0-0 16. Qd3 Qc7 17. Be3 Rfd8 18. Rad1 Bf8 19. Qb1 a5 20. Nd5 Nxd5 21. exd5 f5 22. g4 Qf7 23. gxf5 gxf5 24. Re2 Kh8 25. Rg2 Bh6 26. Qc1 Bg7 27. Kh1 Bf6 28. Qd2 Rg8 29. Rdg1 Rxg2 30. Rxg2 e4 31. Be2 Qxd5 32. Qxd5 Bxd5 33. Bxb5 Bxa2 34. Bd7 Rg8 35. Bxf5 d5 36. Rxg8+ Kxg8 37. Bd7 Bb3 38. Kg2 Kf7 39. Bc5 Bh4 40. Bf2 Be7 41. Bd4 Bd6 42. Be3 a4 43. Kf2 a3 44. bxa3 Bxa3 45. Bd4 Bd1 46. Bc8 Bh5 47. Ba6 Bb2 48. Bc8 Bc1 49. Be3 Ba3 50. Bd4 Ke7 51. Bf5 Bg6 52. Bg4 Bf7 53. Be2 Be6 54. Be5 Bc1 55. Bf1 Bg4 56. Be2 Bxe2 57. Kxe2 Ke6 58. Kd1 Be3 59. Ke2 Bb6 60. Bb8 Kf5 61. h3 Bd8 62. Be5 Bf6 63. Bxf6 Kxf6 64. Kf2 Kf5 65. Ke3 h6 0-1

[Event "EU-ch U18 Girls 26th"]
[Site "Prague"]
[Date "2016.08.25"]
[Round "7"]
[White "Suchomelova, Simona"]
[Black "Ajanovic, Berina"]
[Result "1-0"]
[WhiteElo "1838"]
[BlackElo "1377"]
[PlyCount "79"]
[EventDate "2016.08.18"]
[EventType "swiss"]
[EventRounds "9"]
[EventCountry "CZE"]
[SourceTitle "CBM 174 Extra"]
[Source "ChessBase"]
[SourceDate "2016.10.10"]
[SourceVersion "1"]
[SourceVersionDate "2016.10.10"]
[SourceQuality "1"]

1. e4 c5 2. Nf3 Nc6 3. d4 cxd4 4. Nxd4 g6 5. g3 Bg7 6. Ne2 Nf6 7. Nbc3 0-0 8. Bg2 d6 9. 0-0 Bd7 10. h3 a6 11. a4 Rc8 12. Nd5 Nxd5 13. exd5 Ne5 14. Ra2 Qa5 15. b3 Rc7 16. Bd2 Qc5 17. Be3 Qa5 18. f4 Nc4 19. bxc4 Rxc4 20. Kh2 Bxa4 21. Bd4 Bxd4 22. Nxd4 Qc5 23. Nb3 Qb4 24. Qe1 Bxb3 25. Qxb4 Rxb4 26. Rb2 a5 27. Rxb3 Rxb3 28. cxb3 Rc8 29. Rf2 Rc3 30. Rb2 Kf8 31. g4 Ke8 32. Bf1 Kd8 33. Be2 Kc7 34. Kg2 Rc5 35. Bf3 Kb6 36. b4 Rb5 37. bxa5+ Kxa5 38. Re2 Rb4 39. Kg3 b5 40. Rxe7 1-0

[Event "EU-ch U18 Girls 26th"]
[Site "Prague"]
[Date "2016.08.18"]
[Round "1"]
[White "Suchomelova, Simona"]
[Black "Drogovoz, Irina"]
[Result "0-1"]
[WhiteElo "1838"]
[BlackElo "2126"]
[PlyCount "67"]
[EventDate "2016.08.18"]
[EventType "swiss"]
[EventRounds "9"]
[EventCountry "CZE"]
[SourceTitle "CBM 174 Extra"]
[Source "ChessBase"]
[SourceDate "2016.10.10"]
[SourceVersion "1"]
[SourceVersionDate "2016.10.10"]
[SourceQuality "1"]

1. e4 c5 2. Nf3 d6 3. d4 cxd4 4. Nxd4 Nf6 5. Nc3 a6 6. Be2 e6 7. 0-0 Be7 8. a4 Qc7 9. Kh1 Nc6 10. Nb3 b6 11. f4 0-0 12. Be3 Rb8 13. g4 Re8 14. Bf3 Na5 15. Nd2 b5 16. axb5 axb5 17. g5 Nd7 18. Bg2 Bf8 19. Ne2 g6 20. b4 Nc4 21. Nxc4 Qxc4 22. Rb1 Bb7 23. Qd3 Rec8 24. Rfc1 Ba8 25. Ng3 Nb6 26. Nf1 d5 27. Bxb6 Rxb6 28. Ne3 Qc7 29. e5 Rc6 30. Qxb5 d4 31. Ng4 Rxc2 32. Nf6+ Kh8 33. Rg1 Rxg2 34. Rxg2 0-1

[Event "EU-chT U18 Girls"]
[Site "Celje"]
[Date "2016.07.12"]
[Round "3.2"]
[White "Vidic, Teja"]
[Black "Suchomelova, Simona"]
[Result "1-0"]
[WhiteElo "2235"]
[BlackElo "1812"]
[PlyCount "59"]
[EventDate "2016.07.10"]
[EventType "team-swiss"]
[EventRounds "7"]
[EventCountry "SLO"]
[SourceTitle "CBM 173 Extra"]
[Source "ChessBase"]
[SourceDate "2016.08.29"]
[SourceVersion "1"]
[SourceVersionDate "2016.08.29"]
[SourceQuality "1"]
[WhiteTeam "Slovenia U18 Girls"]
[BlackTeam "Czech Republic U18 Girls II"]
[WhiteTeamCountry "SLO"]
[BlackTeamCountry "CZE"]

1. e4 e6 2. d4 d5 3. Nd2 c5 4. exd5 exd5 5. Ngf3 Nc6 6. Bb5 Bd6 7. dxc5 Bxc5 8. 0-0 Nge7 9. Nb3 Bd6 10. c3 0-0 11. Bg5 Bg4 12. Be2 h6 13. Bh4 Qb6 14. Nfd4 Bxe2 15. Qxe2 Ng6 16. Bg3 Rfe8 17. Qd2 Rad8 18. Bxd6 Rxd6 19. a4 a6 20. Rfe1 Red8 21. Re2 Nge5 22. Rae1 Nc4 23. Qc2 Rf8 24. Nf5 Rf6 25. Nbd4 N4a5 26. Re8 g6 27. Nxc6 Nxc6 28. Nxh6+ Kg7 29. Qd2 d4 30. Ng4 1-0

[Event "Liptovsky Mikulas CupT U20"]
[Site "Liptovsky Mikulas"]
[Date "2016.06.23"]
[Round "5.1"]
[White "Suchomelova, Simona"]
[Black "Golda, Sebastian"]
[Result "0-1"]
[WhiteElo "1833"]
[BlackElo "1877"]
[PlyCount "94"]
[EventDate "2016.06.21"]
[EventType "team-swiss"]
[EventRounds "8"]
[EventCountry "SVK"]
[SourceTitle "CBM 173 Extra"]
[Source "ChessBase"]
[SourceDate "2016.08.29"]
[SourceVersion "1"]
[SourceVersionDate "2016.08.29"]
[SourceQuality "1"]
[WhiteTeam "Svetla nad Sazavou U20"]
[BlackTeam "Krakow CC (U20)"]
[WhiteTeamCountry "CZE"]
[BlackTeamCountry "POL"]

1. e4 c5 2. Nf3 d6 3. d4 cxd4 4. Nxd4 Nf6 5. Nc3 a6 6. Be2 e5 7. Nb3 Be7 8. 0-0 0-0 9. Kh1 Be6 10. f4 exf4 11. Bxf4 Qc7 12. Qe1 Nbd7 13. Rd1 Ne5 14. Nd4 b5 15. a3 Rfd8 16. Qg3 Rac8 17. Bg5 Kh8 18. Nf5 Bxf5 19. Rxf5 Ned7 20. Rdf1 Re8 21. Bd3 Bd8 22. Qh3 Re5 23. Rxe5 dxe5 24. Nd5 Qc6 25. Rf5 Qe6 26. Nxf6 Bxf6 27. Be3 g6 28. Rf3 Qe7 29. g4 Rc7 30. g5 Bg7 31. Qf1 Nf8 32. h4 Ne6 33. c3 Kg8 34. Bb1 Rd7 35. Ba2 Rd6 36. Bc5 Nf4 37. Bxd6 Qxd6 38. Bb3 Qd2 39. Qf2 Qd7 40. Rg3 Bf8 41. Qc2 Bc5 42. Qd1 Qc8 43. Qd2 Nh5 44. Rd3 Qg4 45. Rd8+ Kg7 46. Qd1 Qxh4+ 47. Kg2 Qf2+ 0-1

[Event "Liptovsky Mikulas CupT U20"]
[Site "Liptovsky Mikulas"]
[Date "2016.06.22"]
[Round "2.1"]
[White "Chwistek, Karel"]
[Black "Suchomelova, Simona"]
[Result "1/2-1/2"]
[WhiteElo "1945"]
[BlackElo "1833"]
[PlyCount "82"]
[EventDate "2016.06.21"]
[EventType "team-swiss"]
[EventRounds "8"]
[EventCountry "SVK"]
[SourceTitle "CBM 173 Extra"]
[Source "ChessBase"]
[SourceDate "2016.08.29"]
[SourceVersion "1"]
[SourceVersionDate "2016.08.29"]
[SourceQuality "1"]
[WhiteTeam "Opavsko (U20)"]
[BlackTeam "Svetla nad Sazavou U20"]
[WhiteTeamCountry "CZE"]
[BlackTeamCountry "CZE"]

1. e4 e6 2. d3 d5 3. Qe2 d4 4. f4 c5 5. Nf3 Nc6 6. g4 Bd7 7. Bh3 Qe7 8. e5 h5 9. g5 f6 10. Na3 0-0-0 11. Nc4 Qf7 12. Bd2 f5 13. a4 g6 14. 0-0 Kb8 15. c3 Nge7 16. cxd4 Nxd4 17. Nxd4 cxd4 18. Ba5 b6 19. Nd6 Qg7 20. Bb4 Nd5 21. Qd2 Nxb4 22. Qxb4 Bc6 23. Rfc1 Bd5 24. a5 Bxd6 25. exd6 Qb7 26. Rc7 Qa6 27. Qxd4 bxa5 28. Rc5 Qxd6 29. Raxa5 Bb7 30. Qxd6+ Rxd6 31. Bf1 Rd4 32. Rc4 Rhd8 33. Raa4 Rxc4 34. Rxc4 Rd6 35. Kf2 Ba6 36. Rb4+ Kc7 37. Ke3 Rb6 38. Rxb6 axb6 39. Kd4 Kd6 40. Be2 Bb5 41. h4 Bc6 1/2-1/2

[Event "CZE-chT2C 1516"]
[Site "Czech Republic"]
[Date "2016.02.21"]
[Round "8.3"]
[White "Suchomelova, Simona"]
[Black "Pick, Stepan"]
[Result "1/2-1/2"]
[WhiteElo "1915"]
[BlackElo "2036"]
[PlyCount "58"]
[EventDate "2015.10.18"]
[EventType "team-tourn"]
[EventRounds "11"]
[EventCountry "CZE"]
[SourceTitle "EXT 2022"]
[Source "ChessBase"]
[SourceDate "2021.10.06"]
[SourceVersion "1"]
[SourceVersionDate "2021.10.06"]
[SourceQuality "1"]
[WhiteTeam "Svetla nad Sazavou"]
[BlackTeam "Pankrac II"]
[WhiteTeamCountry "CZE"]
[BlackTeamCountry "CZE"]

1. e4 d6 2. d4 Nf6 3. Nc3 g6 4. h3 Bg7 5. Nf3 0-0 6. Bc4 Nc6 7. d5 Nb8 8. 0-0 c6 9. a4 cxd5 10. exd5 Nbd7 11. Be3 Nc5 12. Re1 Nfe4 13. Nxe4 Nxe4 14. Bd4 Nf6 15. Re2 Qc7 16. Bb3 b6 17. c4 Re8 18. Ba2 Bd7 19. b3 e6 20. dxe6 Rxe6 21. Ng5 Rxe2 22. Qxe2 Re8 23. Qf1 h6 24. Nf3 Bc6 25. Re1 Bxf3 26. gxf3 Rxe1 27. Qxe1 Qd7 28. Kg2 Nh5 29. Be3 g5 1/2-1/2

[Event "CZE-ch U18/20 Girls"]
[Site "Doksy"]
[Date "2015.11.17"]
[Round "5"]
[White "Suchomelova, Simona"]
[Black "Janska, Jitka"]
[Result "0-1"]
[WhiteElo "1921"]
[BlackElo "2032"]
[PlyCount "136"]
[EventDate "2015.11.14"]
[EventType "swiss"]
[EventRounds "9"]
[EventCountry "CZE"]
[SourceTitle "EXT 2022"]
[Source "ChessBase"]
[SourceDate "2021.10.06"]
[SourceVersion "1"]
[SourceVersionDate "2021.10.06"]
[SourceQuality "1"]

1. e4 e5 2. Nf3 Nc6 3. d4 exd4 4. Nxd4 Bb4+ 5. c3 Bc5 6. Nxc6 bxc6 7. Bd3 Qf6 8. 0-0 Ne7 9. Nd2 Ng6 10. Nf3 0-0 11. Bg5 Qe6 12. Nd4 Qe5 13. Be3 Nf4 14. Bc2 Ba6 15. Re1 Ng6 16. Qd2 Bb6 17. f4 Qe8 18. Nf5 Ne7 19. Bxb6 axb6 20. e5 Nxf5 21. Bxf5 Rd8 22. Qf2 Qe7 23. Qg3 d6 24. e6 Kh8 25. Qh3 g6 26. Bg4 f5 27. Bd1 Rf6 28. Bb3 d5 29. Qe3 Re8 30. Qd4 Kg8 31. c4 dxc4 32. Bxc4 Bxc4 33. Qxc4 Rxe6 34. Re5 Qf7 35. Qe2 Rxe5 36. fxe5 Qd5 37. Re1 Kf7 38. b3 Ke6 39. Kh1 Rd8 40. Qf2 Qd4 41. Qf3 Rd5 42. h3 Qd2 43. Re2 Qc1+ 44. Kh2 Rd4 45. g3 Rd2 46. Rxd2 Qxd2+ 47. Kg1 Qc1+ 48. Kh2 Qb2+ 49. Kg1 Qb1+ 50. Kh2 Qxa2+ 51. Kg1 Qb1+ 52. Kh2 Qc2+ 53. Kg1 Qc1+ 54. Kh2 Kxe5 55. Qe2+ Kd6 56. Qd3+ Ke7 57. Qe2+ Kd8 58. Qe6 Qd2+ 59. Kg1 Qd6 60. Qg8+ Kd7 61. Qxh7+ Kc8 62. Qg8+ Kb7 63. Kf2 Qd2+ 64. Kf1 Qg5 65. Kf2 f4 66. g4 Qc5+ 67. Kf1 Qc1+ 68. Kg2 Qd2+ 0-1

[Event "EU-ch U18 Girls 25th"]
[Site "Porec"]
[Date "2015.09.21"]
[Round "1"]
[White "Vidic, Teja"]
[Black "Suchomelova, Simona"]
[Result "1-0"]
[WhiteElo "2096"]
[BlackElo "1951"]
[PlyCount "101"]
[EventDate "2015.09.21"]
[EventType "swiss"]
[EventRounds "9"]
[EventCountry "CRO"]
[SourceTitle "EXT 2016"]
[Source "ChessBase"]
[SourceDate "2015.10.08"]
[SourceVersion "1"]
[SourceVersionDate "2015.10.08"]
[SourceQuality "1"]

1. e4 c5 2. c3 d5 3. exd5 Qxd5 4. d4 Nf6 5. Nf3 e6 6. Na3 Be7 7. Nb5 Na6 8. Be2 0-0 9. 0-0 cxd4 10. Qxd4 Qxd4 11. Nbxd4 Nc5 12. Rd1 a6 13. Ne5 Ncd7 14. Nc4 Nd5 15. a4 b6 16. Nf5 Bf6 17. Nfd6 Ra7 18. Bf3 Bb7 19. Nxb7 Rxb7 20. Bxd5 exd5 21. Rxd5 Rd8 22. Be3 Nc5 23. Rxd8+ Bxd8 24. Rd1 Rd7 25. Rxd7 Nxd7 26. Kf1 Kf8 27. Ke2 Ke7 28. Bd4 g6 29. Ke3 Ke6 30. g4 f5 31. gxf5+ gxf5 32. h3 Bc7 33. Kf3 Bd8 34. Kf4 Nc5 35. Bxc5 bxc5 36. Ne3 Bc7+ 37. Kg5 f4 38. Nf1 Kd5 39. Nd2 Kc6 40. Kh6 Kb6 41. Nc4+ Kc6 42. Kxh7 Kd5 43. Nd2 c4 44. Kg6 Bb6 45. Kf5 Bxf2 46. Kxf4 Bh4 47. Nf3 Bf6 48. h4 Kc5 49. h5 Kb6 50. Ke4 Kc5 51. h6 1-0

[Event "EU-chT U18 Girls"]
[Site "Karpacz"]
[Date "2015.07.13"]
[Round "1.3"]
[White "Kiolbasa, Oliwia"]
[Black "Suchomelova, Simona"]
[Result "1-0"]
[WhiteElo "2210"]
[BlackElo "2059"]
[PlyCount "47"]
[EventDate "2015.07.13"]
[EventType "team-swiss"]
[EventRounds "7"]
[EventCountry "POL"]
[SourceTitle "EXT 2017"]
[Source "ChessBase"]
[SourceDate "2016.10.25"]
[SourceVersion "1"]
[SourceVersionDate "2016.10.25"]
[SourceQuality "1"]
[WhiteTeam "Poland U18 Girls"]
[BlackTeam "Svetla nad Sazavou U18 Girls"]
[WhiteTeamCountry "POL"]
[BlackTeamCountry "CZE"]

1. e4 c5 2. Nf3 d6 3. d4 cxd4 4. Nxd4 Nf6 5. Nc3 a6 6. Be2 e6 7. 0-0 Be7 8. f4 0-0 9. Kh1 Qc7 10. Qe1 Nc6 11. Be3 Bd7 12. Qg3 Rfe8 13. Rae1 Rac8 14. Bd3 b5 15. e5 Nd5 16. Nf5 g6 17. Nh6+ Kg7 18. Nxd5 exd5 19. f5 Nxe5 20. Nxf7 g5 21. f6+ Bxf6 22. Bxg5 Bxg5 23. Qxg5+ Ng6 24. Qf6+ 1-0

[Event "CZE-chT U20 Extraliga final-B 1415"]
[Site "Czech Republic"]
[Date "2015.04.26"]
[Round "11.1"]
[White "Suchomelova, Simona"]
[Black "Liska, Jiri2222"]
[Result "1/2-1/2"]
[WhiteElo "1891"]
[BlackElo "2017"]
[PlyCount "50"]
[EventDate "2014.10.11"]
[EventType "team-tourn"]
[EventRounds "11"]
[EventCountry "CZE"]
[SourceTitle "EXT 2021"]
[Source "ChessBase"]
[SourceDate "2020.10.23"]
[SourceVersion "1"]
[SourceVersionDate "2020.10.23"]
[SourceQuality "1"]
[WhiteTeam "Policka Stefanydes (U20)"]
[BlackTeam "Liberec Desko (U20)"]
[WhiteTeamCountry "CZE"]
[BlackTeamCountry "CZE"]

1. e4 Nf6 2. e5 Nd5 3. d4 d6 4. c4 Nb6 5. exd6 cxd6 6. Nc3 g6 7. Be3 Bg7 8. Rc1 0-0 9. b3 Nc6 10. d5 Ne5 11. Be2 a5 12. f4 Ned7 13. Nf3 Nc5 14. 0-0 Bg4 15. Nd4 Bxe2 16. Qxe2 Nbd7 17. Qd2 Nf6 18. Kh1 Qb6 19. Rb1 Rae8 20. a3 Nfe4 21. Nxe4 Nxe4 22. Qd3 Nc5 23. Qd2 Ne4 24. Qd3 Nc5 25. Qd2 Ne4 1/2-1/2